Guess The Pride Flag - Statistics

General Stats
  • This quiz has been taken 83 times
  • The average score is 11 of 16
Answer Stats
Picture Answer % Correct
Bisexual
99%
Gay
97%
Lesbian
97%
Pansexual
94%
Transgender
87%
Asexual
83%
Aromantic
75%
Demiboy
75%
Demigirl
75%
Intersex
73%
Genderfluid
72%
Polysexual
66%
Omnisexual
54%
Abrosexual
42%
Progress Pride Flag
35%
Autosexual
23%
No matching quizzes found
Score Distribution
Percent of People with Each Score
Percentile by Number Answered
Your Score History
You have not taken this quiz